Quick-Typing Grid Quiz Stats

 Plays Quiz Updated Jul 9, 2017

Support Sporcle.
Go Orange.
Score 0/64 Timer 02:00
2 Plays Today
% Correct
???
73.6%
???
73.5%
???
73.5%
???
73.5%
???
73.4%
???
73.4%
???
73.4%
???
73.4%
???
73.3%
???
73.3%
???
73.3%
???
73.2%
???
73.2%
???
73.2%
???
73.2%
???
73.2%
???
73.2%
???
73.2%
???
73.2%
???
73.2%
???
73.2%
???
73.1%
???
73.1%
???
73.1%
???
73.1%
???
73.1%
???
73.1%
???
73.1%
???
73.1%
???
73.1%
???
73.1%
???
73.1%
% Correct
???
73.1%
???
73%
???
73%
???
73%
???
73%
???
73%
???
73%
???
73%
???
73%
???
73%
???
73%
???
72.9%
???
72.9%
???
72.9%
???
72.9%
???
72.9%
???
72.9%
???
72.9%
???
72.8%
???
72.8%
???
72.8%
???
72.8%
???
72.8%
???
72.8%
???
72.8%
???
72.7%
???
72.7%
???
72.7%
???
72.7%
???
72.7%
???
72.6%
???
72.6%

You're not logged in!

Compare scores with friends on all Sporcle quizzes.
OR
Log In
Forgot?

From the Vault

Beatles Love Songs

by Derek

Valentines Day is tomorrow, rather than struggle with the perfect thing to say to that special someone, just steal a line or two from the Beatles.
Remove Ads.
Support Sporcle.
Get the best of Sporcle when you Go Orange. This ad-free experience offers more features, more stats, and more fun while also helping to support Sporcle. Thank you for becoming a member.

Show Comments

Extras

Top Quizzes Today


Score Distribution

Your Account Isn't Verified!

In order to create a playlist on Sporcle, you need to verify the email address you used during registration. Go to your Sporcle Settings to finish the process.

Report this User

Report this user for behavior that violates our Community Guidelines.

Details: